Statistics for all capitals in the middle east

Click here to take the quiz!

General Stats

  • This quiz has been taken 6 times
  • The average score is 13 of 15

Answer Stats

countrycapital% Correct
JordanAmman
100%
TurkeyAnkara
100%
IraqBaghdad
100%
LebanonBeirut
100%
EgyptCairo
100%
SyriaDamascus
100%
IsraelJerusalem
100%
KuwaitKuwait City
100%
IranTehran
100%
QatarDoha
83%
OmanMuscat
83%
Saudi ArabiaRiyadh
83%
YemenSanaa
83%
BahrainManama
67%
PalestineRamallah
33%

Score Distribution

Percentile by Number Answered

Percent of People with Each Score

Your Score History

You have not taken this quiz